000 00710nam a2200229 a 4500
001 000033080
003 OSt
005 20240412074256.0
007 ta
008 110809s1958 dr 000 0 spa d
040 _aDO-SdBNP
_bspa
_cBNPHU
082 4 _aRD861.44
_bF363a
100 1 _aFernández Mejía, Abel,
_d1931-
_925327
245 1 0 _a"Adolescente y nubes" :
_bpoemas (1947-1954) /
_cAbel Fernández Mejía.
260 _aCiudad Trujillo, República Dominicana :
_bPol Hermanos,
_c1958.
300 _a32 p. ;
_c24 cm.
590 _aInventariado, 2019/VM
650 4 _aPoesía dominicana
_977123
650 0 _aLiteratura dominicana.
_967
910 _aValidado. Control de calidad MFF
942 _2ddc
_cLBS1
999 _c32571
_d32571